02259agaaa2200313 45000010005000000030009000050050017000140070009000310080040000400400023000800410013001031000044001161300032001602400024001922450190002162460017004062500022004232600139004453000033005845080148006175110092007655200825008575380016016825460013016986500057017117000065017687000056018337000056018899535IT-RoPAU20220918181230.0d cvaizq50131s9999||||xx ||| | || ||und|| aIT-RoPAUcIT-RoPAU aITALIANO aJones KirkgCodice regista SPICS: 59826 aNANNY MCPHEE - TATA MATILDA aNANNY MCPHEEgT3838 aNANNY MCPHEE - TATA MATILDAcProdotto da: Doran L. Bevan T. -- Sceneggiatura: Thompson Emma -- Diretto da: Jones KirkpNANNY MCPHEE - TATA MATILDA (Rif. Codice opera principale : H9535) aNANNY MCPHEE aEdizione Standard a(UK)bUNIVERSAL PICTURES - STUDIO CANAL - WORKING / Distribuzione: FAMIGLIA CRISTIANAg"2005 (1° ed.: 2010 ; Ed. Lingua Orig.: 2005)" aDVDbsonoro, col.c97 minuti a"Fotografia: Braham Henry; Montaggio: Moore Nick Krish J.; Musica: Doyle Patrick; Sceneggiatura: Thompson Emma; Scenografia: Howells Michael; " a"Thompson Emma; Firth Colin; Macdonald Kelly; Lansbury Angela; Imrie Celia; Jacobi Der" a"MR. BROWN E' UN RICCO VEDOVO CON UN PICCOLO PROBLEMA: HA SETTE SCATENATISSIMI FIGLI CHE NON VOGLIONO SAPERNE DI RIGARE DRITTO. I RAGAZZACCI HANNO GIA' CACCIATO 17 DOMESTICHE E PENSANO DI NON AVER ALCUN PROBLEMA A FAR IMPAZZIRE LA DICIOTTESINA. PECCATO CHE QUESTA VOLTA LA LORO NUOVA BADANTE MATILDA SEMBRI POSSEDERE UNA SORTA DI POTERE MAGICO. IN POCO TEMPO LA TATA RIESCE ACONQUISTARE LE PICCOLE PESTI, A FARSI BENVOLERE DA TUTTA LA FAMIGLIA E A TROVARE UNA BELLA MOGLIE PER IL PADRONE DI CASA. CONTENUTI EXTRA: COMMENTO AL FILM DI EMMA THOMPSON E DELLA PRODUTTRICE LINDSAY DORAN; COMMENTO AL FILMDEL REGISTA KIRK JONES E DEI BAMBINI PROTAGONISTI; COM'E' NATA TATA MATILDA; TRASFORMAZIONE DI TATA MATILDA; BAMBINI; VITA NEL VILLAGGIO; ERRORI; SCENE TAGLIATE; SPECIALE NON SOLO BITORZOLI; TRAILER ORIGINALE E ITALIANO." aPAL, STEREO aITALIANO aCOMMEDIAeDVD-FILM [DVD]xCodice MATERIA SPICS: 9947 aBrand Christianna e(soggetto)gCodice Soggetto SPICS: 59827 aDoyle Patricke(musica)gCodice Musica SPICS: 46596 aJones Kirk e(regista)gCodice regista SPICS: 59826